Normal view
MARC view
- غزال، عبد الفتاح علي
Entry Personal Name
001 - CONTROL NUMBER
- control field: 44583
003 - CONTROL NUMBER IDENTIFIER
- control field: JO-AjAnu
005 - DATE AND TIME OF LATEST TRANSACTION
- control field: 20230606081400.0
008 - FIXED-LENGTH DATA ELEMENTS
- fixed length control field: 230606|| aca||aabn | a|a d
040 ## - CATALOGING SOURCE
- Original cataloging agency: JO-AjAnu
- Transcribing agency: JO-AjAnu
100 ## - HEADING--PERSONAL NAME
- Personal name: غزال، عبد الفتاح علي
670 ## - SOURCE DATA FOUND
- Source citation: Work cat.: (JO-AjAnu)22829: غزال، عبد الفتاح علي, author, الإرشاد النفسي لغير العاديين